[Event "VI Floripa Open 2020"]
[Site "Florianopolis"]
[Date "2020.01.20"]
[Round "1.84"]
[White "De Haro, Martim Afonso Palma"]
[Black "Sekula, Markley Ribas"]
[Result "0-1"]
[WhiteElo "1804"]
[BlackElo "2056"]
[Annotator "NA"]
[PlyCount "174"]
[EventDate "2020.01.20"]
[EventType "swiss"]
[EventRounds "10"]
[EventCountry "BRA"]
[SourceTitle "playchess.com"]
[Source "ChessBase"]
[SourceQuality "1"]
[TimeControl "5400+30"]

1. Nf3 d6 2. e4 Nf6 3. Nc3 g6 4. d4 Bg7 5. h3 O-O 6. Be3 a6 7. a4 b6 8. e5 Nfd7 9. e6 fxe6 10. Ng5 Nf6 11. Bc4 d5 12. Be2 h6 13. Nf3 Nbd7 14. Bd3 c5 15. Bxg6 cxd4 16. Bxd4 Qc7 17. Qe2 Nc5 18. Be5 Qa7 19. Rg1 Nh7 20. Rd1 Bxe5 21. Nxe5 Qc7 22. Bxh7+ Kxh7 23. Qh5 Rf6 24. Ng4 Rg6 25. Qe5 Qc6 26. Qd4 Nd7 27. Rd3 Bb7 28. Re3 Rf8 29. Ne5 Nxe5 30. Rxe5 Rgf6 31. Rf1 b5 32. Qd3+ Kg7 33. Re3 Rg6 34. Rg3 Rff6 35. Rxg6+ Rxg6 36. g4 e5 37. Ne2 bxa4 38. Ng3 Kf7 39. Qf5+ Qf6 40. Qxf6+ Rxf6 41. Nf5 Rb6 42. Kd2 Rxb2 43. Ra1 Bc6 44. Nxh6+ Ke6 45. g5 Be8 46. Ng4 Rb4 47. c3 Rb2+ 48. Kc1 Re2 49. Kd1 Re4 50. f3 Rf4 51. Ke2 Bb5+ 52. Ke3 Rc4 53. g6 Rxc3+ 54. Kd2 Rd3+ 55. Kc2 Rxf3 56. g7 Bd3+ 57. Kb2 Bh7 58. Rxa4 Rxh3 59. Rxa6+ Kf7 60. Nxe5+ Kxg7 61. Ra7 Kf6 62. Nd7+ Kf5 63. Nf8 Kf6 64. Nd7+ Ke6 65. Nc5+ Kd6 66. Nb7+ Ke5 67. Nd8 e6 68. Nf7+ Kf4 69. Nd8 Bf5 70. Ra4+ Ke3 71. Ra3+ Kd2 72. Ra6 Rh8 73. Nxe6 Rb8+ 74. Ka3 Bxe6 75. Rxe6 d4 76. Rh6 d3 77. Ka2 Kc2 78. Rc6+ Kd1 79. Rc7 d2 80. Rc6 Rb5 81. Rc8 Ke2 82. Rf8 Ke3 83. Rd8 Ke2 84. Rd7 Rb4 85. Rc7 d1=Q 86. Rc3 Kd2 87. Rd3+ Kxd3 0-1

[Event "VI Floripa Open 2020"]
[Site "Florianopolis"]
[Date "2020.01.20"]
[Round "1.85"]
[White "Do Nascimento, Christian Almeida"]
[Black "Salvadego, Matheus Henrique De "]
[Result "0-1"]
[WhiteElo "2054"]
[BlackElo "1803"]
[Annotator "NA"]
[PlyCount "53"]
[EventDate "2020.01.20"]
[EventType "swiss"]
[EventRounds "10"]
[EventCountry "BRA"]
[SourceTitle "playchess.com"]
[Source "ChessBase"]
[SourceQuality "1"]
[TimeControl "5400+30"]

1. d4 Nf6 2. Bg5 e6 3. e4 Be7 4. Bd3 c5 5. e5 Nd5 6. Bxe7 Qxe7 7. Qg4 f5 8. exf6 Nxf6 9. Qh4 Nc6 10. Nf3 O-O 11. Nbd2 d5 12. Ne5 Qe8 13. Ng4 Nh5 14. Nf1 e5 15. Ng3 e4 16. Bb5 Nf4 17. O-O Qg6 18. Ne5 Nxe5 19. dxe5 c4 20. c3 Qb6 21. Ba4 Qxb2 22. Rad1 Qa3 23. Bc2 Qxc3 24. Bb1 Qxe5 25. f3 g5 26. Qh6 Rf6 27. Rxd5 0-1

[Event "VI Floripa Open 2020"]
[Site "Florianopolis"]
[Date "2020.01.20"]
[Round "1.86"]
[White "Goncalves, Luiz Osvaldo Cifuent"]
[Black "Takano, Nicholas Ryo"]
[Result "0-1"]
[WhiteElo "1801"]
[BlackElo "2041"]
[Annotator "NA"]
[PlyCount "94"]
[EventDate "2020.01.20"]
[EventType "swiss"]
[EventRounds "10"]
[EventCountry "BRA"]
[SourceTitle "playchess.com"]
[Source "ChessBase"]
[SourceQuality "1"]
[TimeControl "5400+30"]

1. e4 c5 2. Nf3 g6 3. c3 Nf6 4. e5 Nd5 5. Bc4 Nb6 6. Bxf7+ Kxf7 7. Ng5+ Kg8 8. O-O h6 9. Nf3 Nc6 10. d4 cxd4 11. cxd4 d6 12. Qb3+ d5 13. Nc3 Bg4 14. Be3 Bxf3 15. gxf3 e6 16. Kh1 Kf7 17. Rg1 Ne7 18. Nb5 Nf5 19. Rac1 Nc4 20. Qc2 a6 21. Nc3 Rc8 22. b3 Ncxe3 23. fxe3 Bb4 24. Qd3 Rxc3 25. Rxc3 Bxc3 26. Qxc3 Qc8 27. Qd3 Qc6 28. e4 Ne7 29. Qd2 g5 30. Rc1 Qb5 31. Kg2 Rc8 32. Rf1 Ng6 33. exd5 Nf4+ 34. Kf2 Qxd5 35. Kg3 Qxd4 36. Qxd4 Ne2+ 37. Kg4 Nxd4 38. f4 gxf4 39. Rxf4+ Nf5 40. Rf2 Rc3 41. Rd2 Rc7 42. h4 Ke8 43. Kh5 Rd7 44. Rc2 Kf7 45. Rc4 Kg7 46. Rg4+ Kh7 47. Rg2 Rd4 {abd} 0-1

[Event "VI Floripa Open 2020"]
[Site "Florianopolis"]
[Date "2020.01.20"]
[Round "1.87"]
[White "Volkmann, Andre Jordi"]
[Black "Campagnolo, Fabiola"]
[Result "1/2-1/2"]
[WhiteElo "2040"]
[BlackElo "1801"]
[Annotator "NA"]
[PlyCount "107"]
[EventDate "2020.01.20"]
[EventType "swiss"]
[EventRounds "10"]
[EventCountry "BRA"]
[SourceTitle "playchess.com"]
[Source "ChessBase"]
[SourceQuality "1"]
[TimeControl "5400+30"]

1. f4 d5 2. Nf3 g6 3. g3 Bg7 4. Bg2 c5 5. d3 Nc6 6. Nc3 e6 7. O-O Nf6 8. Nd2 O-O 9. e4 dxe4 10. Ndxe4 Nd7 11. Be3 Nd4 12. Na4 Qc7 13. c3 Nf5 14. Bf2 c4 15. d4 Rb8 16. g4 Nd6 17. f5 Nxe4 18. Bxe4 e5 19. Bg3 b5 20. f6 Bxf6 21. Rxf6 Nxf6 22. Bxe5 Qe7 23. Bf3 bxa4 24. Bxb8 Qe3+ 25. Kg2 Bxg4 26. Be5 Bxf3+ 27. Qxf3 Qd2+ 28. Kh1 Nh5 29. Bd6 Re8 30. Rf1 f6 31. Qd5+ Kg7 32. Qxc4 Qe2 33. Qxe2 Rxe2 34. Ba3 f5 35. Kg1 Nf6 36. Rf2 Re1+ 37. Kg2 Ne4 38. Rc2 g5 39. Kf3 Kf6 40. c4 g4+ 41. Kf4 Rf1+ 42. Ke3 Re1+ 43. Re2 f4+ 44. Kd3 Rxe2 45. Kxe2 f3+ 46. Ke3 h5 47. Bc5 h4 48. Bxa7 f2 49. Ke2 g3 50. hxg3 hxg3 51. d5 Nd2 52. Bxf2 gxf2 53. Kxf2 Nxc4 54. b3 1/2-1/2

[Event "VI Floripa Open 2020"]
[Site "Florianopolis"]
[Date "2020.01.20"]
[Round "1.88"]
[White "Ribeiro, Fabiano Pinto"]
[Black "Tomiello, Lucas Costamilan"]
[Result "0-1"]
[WhiteElo "1798"]
[BlackElo "2039"]
[Annotator "NA"]
[PlyCount "114"]
[EventDate "2020.01.20"]
[EventType "swiss"]
[EventRounds "10"]
[EventCountry "BRA"]
[SourceTitle "playchess.com"]
[Source "ChessBase"]
[SourceQuality "1"]
[TimeControl "5400+30"]

1. d4 Nf6 2. Nf3 g6 3. Bf4 Bg7 4. e3 O-O 5. Be2 d6 6. h3 b6 7. O-O Bb7 8. Nbd2 c5 9. c3 Nbd7 10. a4 a6 11. Qc2 Rc8 12. Rac1 Qc7 13. Bh2 Qb8 14. Qb1 Qa8 15. Rfe1 Bc6 16. b3 Ne4 17. Bf1 b5 18. a5 Rfe8 19. Qa2 Nxd2 20. Nxd2 b4 21. cxb4 cxd4 22. e4 Qb7 23. f4 Nf6 24. e5 dxe5 25. fxe5 Nd5 26. Rc4 Ne3 27. Rxc6 Rxc6 28. Nf3 Qxb4 29. Bf4 Nxf1 30. Rxf1 d3 31. Bd2 Qc5+ 32. Kh1 Qd5 33. Qa4 f5 34. Re1 Rcc8 35. Qh4 Rc2 36. Qa4 Qb5 37. Qd4 Qxb3 38. Qd7 Rcc8 39. Nd4 Qa2 40. Nf3 h6 41. Qxd3 Qc4 42. Qb1 Rb8 43. Qa1 Rec8 44. h4 e6 45. Qa3 Kh7 46. h5 g5 47. Rc1 Qd5 48. Rxc8 Rxc8 49. Qe7 g4 50. Bxh6 Kxh6 51. Qg5+ Kh7 52. Qg6+ Kh8 53. h6 Rc1+ 54. Ng1 Rxg1+ 55. Kxg1 Qd1+ 56. Kf2 Qd2+ 57. Kg3 Qe3+ 0-1

[Event "VI Floripa Open 2020"]
[Site "Florianopolis"]
[Date "2020.01.20"]
[Round "1.89"]
[White "Lage, Pedro Ferreira"]
[Black "Ferreira, Rodrigo Maycon Miran"]
[Result "1-0"]
[WhiteElo "2038"]
[BlackElo "1795"]
[Annotator "NA"]
[PlyCount "41"]
[EventDate "2020.01.20"]
[EventType "swiss"]
[EventRounds "10"]
[EventCountry "BRA"]
[SourceTitle "playchess.com"]
[Source "ChessBase"]
[SourceQuality "1"]
[TimeControl "5400+30"]

1. Nf3 d5 2. g3 c6 3. Bg2 Bg4 4. O-O Nd7 5. d4 e6 6. Nbd2 Bd6 7. e4 Ne7 8. Re1 O-O 9. c4 Bh5 10. b3 Bb4 11. Bb2 Qa5 12. a3 Bxd2 13. Qxd2 Qxd2 14. Nxd2 dxe4 15. Nxe4 Bg6 16. Rad1 Nb6 17. Nc5 Rfd8 18. Nxb7 Rdb8 19. Na5 Rc8 20. Bc3 Rab8 21. Bb4 {abd} 1-0

[Event "VI Floripa Open 2020"]
[Site "Florianopolis"]
[Date "2020.01.20"]
[Round "1.90"]
[White "Dos Santos, Dwlyan Silva"]
[Black "Soares, Joao Carlos T. C."]
[Result "1-0"]
[WhiteElo "1793"]
[BlackElo "2032"]
[Annotator "NA"]
[PlyCount "71"]
[EventDate "2020.01.20"]
[EventType "swiss"]
[EventRounds "10"]
[EventCountry "BRA"]
[SourceTitle "playchess.com"]
[Source "ChessBase"]
[SourceQuality "1"]
[TimeControl "5400+30"]

1. e4 c5 2. Nf3 Nc6 3. d4 cxd4 4. Nxd4 e6 5. Nb3 Nf6 6. Bd3 a6 7. O-O Qc7 8. Nc3 Be7 9. f4 d6 10. Bd2 O-O 11. Qe2 b5 12. Rae1 Nd7 13. Kh1 Bb7 14. Rf3 Rfe8 15. Rh3 b4 16. Nd1 a5 17. f5 Nf8 18. fxe6 fxe6 19. Rf1 Ne5 20. Nd4 Nxd3 21. cxd3 Bf6 22. Be3 d5 23. Nf2 Qb6 24. Nf3 d4 25. Bg5 Be7 26. Ng4 Ba6 27. Nge5 Rac8 28. Qf2 Bd6 29. Qh4 Qc5 30. Nd7 Qc2 31. Nxf8 h6 32. Bxh6 Qxd3 33. Re1 Bxf8 34. Bg5 Rc5 35. Bf6 gxf6 36. Qh7# 1-0

[Event "VI Floripa Open 2020"]
[Site "Florianopolis"]
[Date "2020.01.20"]
[Round "1.91"]
[White "Medrano, Mario"]
[Black "Da Silveira, Robson Gustavo M."]
[Result "1-0"]
[WhiteElo "2032"]
[BlackElo "1793"]
[Annotator "NA"]
[PlyCount "71"]
[EventDate "2020.01.20"]
[EventType "swiss"]
[EventRounds "10"]
[EventCountry "BRA"]
[SourceTitle "playchess.com"]
[Source "ChessBase"]
[SourceQuality "1"]
[TimeControl "5400+30"]

1. d4 d5 2. Nf3 c6 3. g3 Bg4 4. Bg2 Nd7 5. O-O Ngf6 6. b3 e5 7. Bb2 Be7 8. Nbd2 O-O 9. c4 Re8 10. h3 Bxf3 11. Bxf3 Bd6 12. Qc2 c5 13. dxe5 Nxe5 14. Bg2 dxc4 15. Nxc4 Nxc4 16. Qxc4 Be5 17. Rad1 Qe7 18. Bc1 Rad8 19. e4 Rxd1 20. Rxd1 Rd8 21. Rxd8+ Qxd8 22. Be3 a6 23. f4 Qd1+ 24. Kh2 Qh5 25. Qd3 Bc7 26. Kg1 Qg6 27. Kh2 h6 28. Bf2 h5 29. Qe3 h4 30. g4 Qh6 31. e5 Nd7 32. g5 Qh7 33. e6 fxe6 34. Qxe6+ Kh8 35. g6 Bxf4+ 36. Kh1 {abd} 1-0

[Event "VI Floripa Open 2020"]
[Site "Florianopolis"]
[Date "2020.01.20"]
[Round "1.92"]
[White "Cordioli, Jairo Ribeiro"]
[Black "Chang, Suzana"]
[Result "0-1"]
[WhiteElo "1792"]
[BlackElo "2010"]
[Annotator "NA"]
[PlyCount "58"]
[EventDate "2020.01.20"]
[EventType "swiss"]
[EventRounds "10"]
[EventCountry "BRA"]
[SourceTitle "playchess.com"]
[Source "ChessBase"]
[SourceQuality "1"]
[TimeControl "5400+30"]

1. d4 Nf6 2. c4 g6 3. Nc3 Bg7 4. e4 d6 5. Be2 O-O 6. Nf3 Na6 7. O-O e5 8. d5 Nc5 9. Nd2 a5 10. b3 Ne8 11. Bb2 f5 12. a3 Nf6 13. f3 Bh6 14. b4 Be3+ 15. Kh1 axb4 16. axb4 Rxa1 17. Bxa1 Na6 18. Na2 Nh5 19. c5 Qh4 20. g3 Nxg3+ 21. Kg2 f4 22. Rf2 Qh3+ 23. Kg1 Bxf2+ 24. Kxf2 Qxh2+ 25. Ke1 Qg1+ 26. Nf1 Bh3 27. Qd3 Bxf1 28. Bxf1 Qe3+ 29. Be2 Ra8 {abd} 0-1

[Event "VI Floripa Open 2020"]
[Site "Florianopolis"]
[Date "2020.01.20"]
[Round "1.93"]
[White "Cantarino Neto, Mario Ribeiro"]
[Black "Da Silva, Anderson Lemes"]
[Result "0-1"]
[WhiteElo "2004"]
[BlackElo "1788"]
[Annotator "NA"]
[PlyCount "98"]
[EventDate "2020.01.20"]
[EventType "swiss"]
[EventRounds "10"]
[EventCountry "BRA"]
[SourceTitle "playchess.com"]
[Source "ChessBase"]
[SourceQuality "1"]
[TimeControl "5400+30"]

1. d4 Nf6 2. c4 e6 3. Nf3 b6 4. g3 Bb7 5. Bg2 Be7 6. Nc3 O-O 7. O-O d5 8. Ne5 c5 9. dxc5 Bxc5 10. a3 Ne4 11. Nxe4 dxe4 12. Bf4 a5 13. Qxd8 Rxd8 14. Rad1 Na6 15. Nd7 Bc6 16. Nxc5 bxc5 17. h4 f6 18. Rd2 e5 19. Be3 Kf7 20. Rfd1 Ke7 21. Kf1 Rxd2 22. Rxd2 Rd8 23. Ke1 Rb8 24. Kd1 Ba4+ 25. Kc1 Bc6 26. Rd1 h6 27. Bh3 Ba4 28. Rd5 Rd8 29. Rxd8 Kxd8 30. Be6 Bc6 31. Bf5 Kc7 32. Kd2 Kb6 33. Kc3 a4 34. Be6 Nc7 35. Bf7 Ne8 36. b4 axb3 37. Kxb3 Nd6 38. Bd5 Nf5 39. Bc1 Nd4+ 40. Kb2 Nxe2 41. Bxc6 Kxc6 42. Bd2 g5 43. hxg5 hxg5 44. a4 g4 45. a5 f5 46. Bg5 Nd4 47. Bd8 f4 48. a6 e3 49. fxe3 fxe3 0-1

[Event "VI Floripa Open 2020"]
[Site "Florianopolis"]
[Date "2020.01.20"]
[Round "1.94"]
[White "Lunelli, Neuri Antonio"]
[Black "Japiassu, Ricardo De Villa Nov"]
[Result "0-1"]
[WhiteElo "1786"]
[BlackElo "1994"]
[Annotator "NA"]
[PlyCount "84"]
[EventDate "2020.01.20"]
[EventType "swiss"]
[EventRounds "10"]
[EventCountry "BRA"]
[SourceTitle "playchess.com"]
[Source "ChessBase"]
[SourceQuality "1"]
[TimeControl "5400+30"]

1. c4 c5 2. Nc3 g6 3. g3 Bg7 4. Bg2 Nc6 5. e4 d6 6. Nge2 Nf6 7. d3 O-O 8. O-O Rb8 9. h3 Ne8 10. Be3 Nc7 11. Qd2 Ne6 12. f4 a6 13. Rf2 Ned4 14. Raf1 b5 15. b3 b4 16. Nd1 a5 17. Nb2 Bd7 18. Kh2 Nxe2 19. Qxe2 Nd4 20. Bxd4 Bxd4 21. Rf3 a4 22. Nd1 axb3 23. axb3 Ra8 24. Ne3 Ra3 25. Rb1 Bc6 26. Nc2 Ra2 27. Qd1 Bg7 28. Rf2 Qa8 29. Re2 Qa7 30. Rd2 Bc3 31. Re2 Qb7 32. Kg1 e6 33. Kf1 Rd8 34. Ne3 Rda8 35. Nc2 R8a7 36. Kg1 Qa8 37. Kf1 d5 38. Kg1 dxc4 39. dxc4 Rd7 40. Qf1 Qd8 41. Ne3 Rdd2 42. Rd1 Rxd1 0-1

[Event "VI Floripa Open 2020"]
[Site "Florianopolis"]
[Date "2020.01.20"]
[Round "1.95"]
[White "Calcada, Lucas Galvan"]
[Black "Franca Junior, Jairo"]
[Result "1/2-1/2"]
[WhiteElo "1496"]
[BlackElo "1785"]
[Annotator "NA"]
[PlyCount "72"]
[EventDate "2020.01.20"]
[EventType "swiss"]
[EventRounds "10"]
[EventCountry "BRA"]
[SourceTitle "playchess.com"]
[Source "ChessBase"]
[SourceQuality "1"]
[TimeControl "5400+30"]

1. Nf3 Nf6 2. g3 c5 3. Bg2 Nc6 4. d4 cxd4 5. Nxd4 e5 6. Nxc6 bxc6 7. O-O d5 8. c4 Be6 9. Qc2 Rc8 10. Nc3 Be7 11. Rd1 Qc7 12. Bg5 e4 13. cxd5 cxd5 14. e3 O-O 15. Rac1 Qa5 16. Qa4 Qxa4 17. Nxa4 Bg4 18. Re1 Bb4 19. Nc3 Nd7 20. Nxd5 Bxe1 21. Rxc8 Rxc8 22. Ne7+ Kf8 23. Nxc8 Ne5 24. Bf4 Nd3 25. Bd6+ Ke8 26. Bxe4 Bxf2+ 27. Kf1 Bxe3 28. Bxd3 Kd7 29. Nxa7 Kxd6 30. Nb5+ Kc5 31. Kg2 h5 32. Nc3 Bc1 33. h3 Be6 34. Bb1 Kb4 35. Nd1 g5 36. b3 f6 1/2-1/2

[Event "VI Floripa Open 2020"]
[Site "Florianopolis"]
[Date "2020.01.20"]
[Round "1.96"]
[White "Kikuchi Cadilhac, Mariana Sawae"]
[Black "Da Luz, Fabio Rodolfo"]
[Result "1-0"]
[WhiteElo "1780"]
[BlackElo "1493"]
[Annotator "NA"]
[PlyCount "65"]
[EventDate "2020.01.20"]
[EventType "swiss"]
[EventRounds "10"]
[EventCountry "BRA"]
[SourceTitle "playchess.com"]
[Source "ChessBase"]
[SourceQuality "1"]
[TimeControl "5400+30"]

1. e4 d6 2. d4 g6 3. g3 Bg7 4. Bg2 Nf6 5. Ne2 O-O 6. O-O c6 7. Nbc3 Nbd7 8. h3 Nb6 9. Qd3 d5 10. e5 Nfd7 11. Nd1 f5 12. Nf4 Nb8 13. b3 e6 14. h4 Bh6 15. Nxe6 Qe7 16. Bxh6 Qxe6 17. Bxf8 Kxf8 18. Qe3 Na6 19. Qh6+ Kg8 20. h5 Bd7 21. Bf3 Rf8 22. Kg2 Nc8 23. Rh1 Be8 24. hxg6 Bxg6 25. Bh5 Rf7 26. Bxg6 Qxg6 27. Ne3 Ne7 28. Qxg6+ hxg6 29. Rh2 Rh7 30. Rxh7 Kxh7 31. a4 Nc7 32. c4 dxc4 33. bxc4 {abd} 1-0

[Event "VI Floripa Open 2020"]
[Site "Florianopolis"]
[Date "2020.01.20"]
[Round "1.97"]
[White "Machado, Luiz Fernando"]
[Black "Rodrigues, Natanael Isau"]
[Result "1/2-1/2"]
[WhiteElo "1492"]
[BlackElo "1775"]
[Annotator "NA"]
[PlyCount "83"]
[EventDate "2020.01.20"]
[EventType "swiss"]
[EventRounds "10"]
[EventCountry "BRA"]
[SourceTitle "playchess.com"]
[Source "ChessBase"]
[SourceQuality "1"]
[TimeControl "5400+30"]

1. e4 c5 2. Nf3 g6 3. d4 cxd4 4. Nxd4 Bg7 5. Nc3 Nc6 6. Be3 Nf6 7. f3 d6 8. Qd2 Nxd4 9. Bxd4 Bd7 10. e5 dxe5 11. Bxe5 Qa5 12. f4 Rd8 13. O-O-O O-O 14. Qe2 Be6 15. a3 Rxd1+ 16. Qxd1 Rd8 17. Qf3 Nd5 18. Bxg7 Kxg7 19. Bc4 Nxc3 20. Bxe6 fxe6 21. Qxc3+ Qxc3 22. bxc3 Kf6 23. Re1 Rd5 24. Re4 Kf5 25. Rb4 Rd7 26. h3 h5 27. g3 a6 28. Rc4 b6 29. a4 a5 30. Rc6 Rd6 31. Rc7 Kf6 32. Rc4 e5 33. Re4 exf4 34. Rxf4+ Ke5 35. Kb2 g5 36. Rc4 e6 37. Kc1 Kf5 38. g4+ hxg4 39. hxg4+ Ke5 40. Kb2 Rd5 41. Kb3 Rd1 42. Rc6 1/2-1/2

[Event "VI Floripa Open 2020"]
[Site "Florianopolis"]
[Date "2020.01.20"]
[Round "1.98"]
[White "Rodrigues, Asafe Costa"]
[Black "Dos Santos, Paulo H. Maximo"]
[Result "1-0"]
[WhiteElo "1773"]
[BlackElo "1486"]
[Annotator "NA"]
[PlyCount "36"]
[EventDate "2020.01.20"]
[EventType "swiss"]
[EventRounds "10"]
[EventCountry "BRA"]
[SourceTitle "playchess.com"]
[Source "ChessBase"]
[SourceQuality "1"]
[TimeControl "5400+30"]

1. e4 c5 2. Nf3 d6 3. d4 cxd4 4. Nxd4 Nf6 5. Nc3 a6 6. Be2 e5 7. Nb3 Be7 8. Be3 Be6 9. O-O O-O 10. a4 Nc6 11. Qd2 d5 12. exd5 Nxd5 13. Nxd5 Qxd5 14. Rfd1 Qxd2 15. Nxd2 Rad8 16. Bb6 Rb8 17. Nf3 Bd8 18. Bxd8 Rfxd8 {Ilegível} 1-0

[Event "VI Floripa Open 2020"]
[Site "Florianopolis"]
[Date "2020.01.20"]
[Round "1.99"]
[White "De Souza, Carlos Alberto"]
[Black "Jenidarchiche, Douglas Rodrigo"]
[Result "0-1"]
[WhiteElo "1485"]
[BlackElo "1772"]
[Annotator "NA"]
[PlyCount "62"]
[EventDate "2020.01.20"]
[EventType "swiss"]
[EventRounds "10"]
[EventCountry "BRA"]
[SourceTitle "playchess.com"]
[Source "ChessBase"]
[SourceQuality "1"]
[TimeControl "5400+30"]

1. e4 c5 2. Bc4 d6 3. Nf3 Nf6 4. Nc3 Bg4 5. O-O Nc6 6. h3 Bh5 7. Bb5 e6 8. a3 Be7 9. b4 cxb4 10. axb4 O-O 11. Bxc6 bxc6 12. d4 Qb6 13. Rb1 Rfe8 14. Be3 Qc7 15. Bf4 Bf8 16. e5 Nd5 17. Nxd5 cxd5 18. Rc1 Qc3 19. Qd2 Qxd2 20. Nxd2 dxe5 21. Bxe5 Bxb4 22. c3 Be7 23. Rb1 a5 24. Rb7 a4 25. Rfb1 a3 26. Ra1 Bg6 27. Ra2 Kf8 28. Kf1 f6 29. Bc7 Bd3+ 30. Ke1 Rec8 31. c4 dxc4 0-1

[Event "VI Floripa Open 2020"]
[Site "Florianopolis"]
[Date "2020.01.20"]
[Round "1.100"]
[White "Marques Junior, Marcos Antonio"]
[Black "Andersson, Cristian de Oliveira"]
[Result "1-0"]
[WhiteElo "1771"]
[BlackElo "1480"]
[Annotator "NA"]
[PlyCount "62"]
[EventDate "2020.01.20"]
[EventType "swiss"]
[EventRounds "10"]
[EventCountry "BRA"]
[SourceTitle "playchess.com"]
[Source "ChessBase"]
[SourceQuality "1"]
[TimeControl "5400+30"]

1. e4 c5 2. Nf3 d6 3. d4 cxd4 4. Nxd4 Nc6 5. c4 e6 6. Nc3 Nf6 7. Be2 Be7 8. O-O O-O 9. a3 Bd7 10. b4 Rc8 11. Bb2 Ne5 12. Qb3 a6 13. Nf3 Ng6 14. Rfe1 Bc6 15. Bf1 b6 16. g3 Qc7 17. Rac1 Qb7 18. Nd2 Rfd8 19. b5 axb5 20. cxb5 Bd7 21. Bg2 e5 22. Bf1 Be6 23. Bc4 d5 24. exd5 Nxd5 25. Nxd5 Bxd5 26. Bxd5 Qd7 27. Bxf7+ Kh8 28. Nc4 Rc5 29. Bxg6 hxg6 30. Nxe5 Qf5 31. Nf7+ Kh7 {abd} 1-0

[Event "VI Floripa Open 2020"]
[Site "Florianopolis"]
[Date "2020.01.20"]
[Round "1.101"]
[White "Santos, Gildemar De Oliveira"]
[Black "Da Rosa, Henrique Jaze Simoes"]
[Result "0-1"]
[WhiteElo "1479"]
[BlackElo "1763"]
[Annotator "NA"]
[PlyCount "64"]
[EventDate "2020.01.20"]
[EventType "swiss"]
[EventRounds "10"]
[EventCountry "BRA"]
[SourceTitle "playchess.com"]
[Source "ChessBase"]
[SourceQuality "1"]
[TimeControl "5400+30"]

1. c4 c6 2. Nc3 d5 3. cxd5 cxd5 4. d4 Nf6 5. Nf3 Nc6 6. g3 Bf5 7. a3 e6 8. Bg2 Be7 9. O-O O-O 10. Nh4 Bg4 11. Nf3 Qb6 12. e3 h6 13. Re1 Rfd8 14. b4 Rac8 15. Na4 Qc7 16. Nc5 Bxc5 17. dxc5 d4 18. Qd3 Bxf3 19. Bxf3 Ne5 20. Qd1 dxe3 21. Qe2 exf2+ 22. Qxf2 Nd3 23. Qe2 Nxe1 24. Qxe1 Re8 25. Qc3 e5 26. Be3 e4 27. Bg2 Nd5 28. Qe1 Qe5 29. Rc1 Qb2 30. Rd1 Qb3 31. Bc1 Rcd8 32. Qf2 Qxd1+ 0-1

[Event "VI Floripa Open 2020"]
[Site "Florianopolis"]
[Date "2020.01.20"]
[Round "1.102"]
[White "Backes, Jorge Henrique"]
[Black "Andrade, Moacir Belarmino F."]
[Result "1-0"]
[WhiteElo "1761"]
[BlackElo "1476"]
[Annotator "NA"]
[PlyCount "67"]
[EventDate "2020.01.20"]
[EventType "swiss"]
[EventRounds "10"]
[EventCountry "BRA"]
[SourceTitle "playchess.com"]
[Source "ChessBase"]
[SourceQuality "1"]
[TimeControl "5400+30"]

1. c4 e5 2. g3 Nc6 3. Bg2 Nf6 4. Nc3 Be7 5. e3 O-O 6. Nge2 d6 7. d4 Bg4 8. d5 Nb8 9. f3 Bd7 10. O-O Qc8 11. g4 h6 12. Ng3 c6 13. Bd2 Nh7 14. e4 Bg5 15. Nf5 Bxf5 16. exf5 Qd8 17. b4 Nd7 18. dxc6 bxc6 19. Bxg5 Qxg5 20. Qxd6 Qe3+ 21. Kh1 Qxc3 22. Qxd7 Qxc4 23. Qd6 Qd5 24. Rfd1 Qxd6 25. Rxd6 Rfb8 26. f4 Rxb4 27. fxe5 Rab8 28. Bxc6 Rxg4 29. Re1 Ng5 30. e6 fxe6 31. fxe6 Nh3 32. Rd2 Rg6 33. e7 Rxc6 34. e8=Q+ {abd} 1-0

[Event "VI Floripa Open 2020"]
[Site "Florianopolis"]
[Date "2020.01.20"]
[Round "1.103"]
[White "Lopes, Leonardo Borges"]
[Black "Martinez, Augusto Gonzalez"]
[Result "0-1"]
[WhiteElo "1466"]
[BlackElo "1772"]
[Annotator "NA"]
[PlyCount "51"]
[EventDate "2020.01.20"]
[EventType "swiss"]
[EventRounds "10"]
[EventCountry "BRA"]
[SourceTitle "playchess.com"]
[Source "ChessBase"]
[SourceQuality "1"]
[TimeControl "5400+30"]

1. c4 Nf6 2. Nc3 e6 3. e4 d5 4. e5 d4 5. exf6 dxc3 6. Nf3 Qxf6 7. bxc3 h6 8. d4 Bd6 9. Qa4+ c6 10. Ba3 Qe7 11. Bxd6 Qxd6 12. Rb1 Nd7 13. Bd3 O-O 14. O-O e5 15. Rfe1 exd4 16. Nxd4 Nf6 17. h3 Qf4 18. Re7 Bxh3 19. Rbxb7 Bxg2 20. Kxg2 Qg4+ 21. Kf1 Qf4 22. Qc2 Rfe8 23. Kg1 Rxe7 24. Rxe7 Rb8 25. Qe2 Qh4 26. Qe5 {Ilegível} 0-1

[Event "VI Floripa Open 2020"]
[Site "Florianopolis"]
[Date "2020.01.20"]
[Round "1.104"]
[White "Gomes, Carlos Henrique Cald"]
[Black "Salvadego, Erika Giovana De O."]
[Result "1/2-1/2"]
[WhiteElo "1757"]
[BlackElo "1461"]
[Annotator "NA"]
[PlyCount "49"]
[EventDate "2020.01.20"]
[EventType "swiss"]
[EventRounds "10"]
[EventCountry "BRA"]
[SourceTitle "playchess.com"]
[Source "ChessBase"]
[SourceQuality "1"]
[TimeControl "5400+30"]

1. d4 d5 2. c4 e6 3. Nf3 Nf6 4. Bg5 Be7 5. Nc3 O-O 6. e3 c6 7. Bd3 h6 8. Bf4 Nh5 9. Be5 Nd7 10. O-O Nhf6 11. Rc1 dxc4 12. Bxc4 Nxe5 13. Nxe5 Nd5 14. Qf3 Bd6 15. Ne4 Bc7 16. Rfd1 Qe7 17. a3 a5 18. Bd3 a4 19. Ng3 Qg5 20. Ne4 Qe7 21. Qh5 Nf6 22. Qh4 Nd5 23. Qh5 Nf6 24. Qh4 Nd5 25. Qh5 1/2-1/2

[Event "VI Floripa Open 2020"]
[Site "Florianopolis"]
[Date "2020.01.20"]
[Round "1.105"]
[White "Garcia, Erich Douglas Ribeir"]
[Black "Predebon, Eduardo Angonesi"]
[Result "0-1"]
[WhiteElo "1453"]
[BlackElo "1756"]
[Annotator "NA"]
[PlyCount "61"]
[EventDate "2020.01.20"]
[EventType "swiss"]
[EventRounds "10"]
[EventCountry "BRA"]
[SourceTitle "playchess.com"]
[Source "ChessBase"]
[SourceQuality "1"]
[TimeControl "5400+30"]

1. d4 Nf6 2. c4 c5 3. e3 g6 4. Nf3 Bg7 5. Nc3 O-O 6. Bd3 d6 7. h3 Nbd7 8. O-O b6 9. d5 Bb7 10. e4 a6 11. Bd2 Re8 12. Rb1 e6 13. Rc1 Qc7 14. Qc2 Rac8 15. Bf4 Nh5 16. Bh2 e5 17. Ne2 b5 18. b3 b4 19. g4 Nhf6 20. Kh1 h5 21. gxh5 Nxh5 22. Rg1 Qd8 23. Ng5 Qe7 24. Rcf1 Rc7 25. f4 exf4 26. Bxf4 Nxf4 27. Rxf4 Ne5 28. h4 Bc8 29. Ng3 a5 30. Be2 Bh6 31. Rgf1 {Ilegível} 0-1